{"text_format":"3","workbook":"xls","n_sheets":1,"sheets":["标线、炫彩面层"],"not_rendered":{"external_links":1,"defined_names":1},"read":"whole","date_system":"1900","formulas":"cached_only"}

{"sheet":"标线、炫彩面层","index":0,"n_rows":43,"n_cols":9,"rows_kept":43,"merged":[[0,0,0,8],[1,0,3,0],[1,1,3,1],[1,2,3,2],[1,3,3,3],[1,4,3,4],[1,5,1,6],[1,7,1,8],[2,5,3,5],[2,6,3,6],[2,7,3,7],[2,8,3,8],[9,0,9,3],[10,0,10,8],[23,0,23,3],[24,0,24,7],[27,0,27,3],[28,0,28,7],[31,0,31,3],[32,0,32,7],[35,0,35,3],[36,0,36,7],[39,0,39,3],[40,0,40,3],[40,4,40,6],[40,7,40,8],[41,0,41,3],[41,4,41,6],[41,7,41,8],[42,0,42,3],[42,4,42,6],[42,7,42,8]],"flags":["formulas_cached_only"]}
["雅安市大兴生态旅游建设项目水性EAU丙烯酸炫彩面层标线及炫彩面层文字图案（白色）采购清单（二次报价）"]
["序号","项目名称","项目特征描述","计量\r\n单位","工程量","不含税控制价（元）",null,"不含税报价（元）"]
["","","","","","综合单价","合价","综合单价","合价"]
["","","","",""]
[1,"100宽3mm水性EAU丙烯酸炫彩面层标线（白色）","1.名称：100宽3mm水性EAU丙烯酸炫彩面层标线（白色）\n2.材料品种、规格：100宽3mm水性EAU丙烯酸炫彩面层\n3.工艺要求：详设计，满足设计及工艺规范要求，综合考虑","m2",29.44,{"v":26,"d":"26.00"},765.44]
[2,"100宽3mm水性EAU丙烯酸炫彩面层标线（白色）","1.名称：100宽3mm水性EAU丙烯酸炫彩面层标线（白色）\n2.材料品种、规格：100宽3mm水性EAU丙烯酸炫彩面层\n3.工艺要求：详设计，满足设计及工艺规范要求，综合考虑","m2",{"v":10.6,"d":"10.60"},{"v":26,"d":"26.00"},{"v":275.6,"d":"275.60"}]
[3,"3mm水性EAU丙烯酸炫彩面层文字图案（白色）","1.名称：3mm水性EAU丙烯酸炫彩面层文字图案（白色）\n2.材料品种、规格：3mm水性EAU丙烯酸炫彩面层\n3.工艺要求：详设计，满足设计及工艺规范要求，综合考虑","m2",{"v":7.2,"d":"7.20"},{"v":55,"d":"55.00"},{"v":396,"d":"396.00"}]
[4,"100宽3mm水性EAU丙烯酸炫彩面层标线（白色）","1.名称：100宽3mm水性EAU丙烯酸炫彩面层标线（白色）\n2.材料品种、规格：100宽3mm水性EAU丙烯酸炫彩面层\n3.工艺要求：详设计，满足设计及工艺规范要求，综合考虑","m2",31.74,{"v":26,"d":"26.00"},825.24]
[5,"3mm水性EAU丙烯酸炫彩面层文字图案（白色）","1.名称：3mm水性EAU丙烯酸炫彩面层文字图案（白色）\n2.材料品种、规格：3mm水性EAU丙烯酸炫彩面层\n3.工艺要求：详设计，满足设计及工艺规范要求，综合考虑","m2",12.42,{"v":55,"d":"55.00"},{"v":683.1,"d":"683.10"}]
["小计",{"$nulls":5},2945.38]
["雅乐汇交安工程"]
[6,"车行道标线 虚线","1.油漆品种：热熔型道路标线涂料\n2.工艺：喷涂、虚线\n3.线型：综合\n4.其他：满足设计及相关技术规范要求","m2",34.2,{"v":31,"d":"31.00"},{"v":1060.2,"d":"1060.20"}]
[7,"斑马线、禁停网格","1.油漆品种：热熔型道路标线涂料\n2.工艺：喷涂、实线\n3.线型：综合\n4.其他：满足设计及相关技术规范要求","m2",48.12,{"v":28,"d":"28.00"},1347.36]
[8,"停车位标线","1.油漆品种：热熔型道路标线涂料\n2.工艺：喷涂、实线\n3.线型：综合\n4.其他：满足设计及相关技术规范要求","m2",518.75,{"v":28,"d":"28.00"},{"v":14525,"d":"14525.00"}]
[9,"导向箭头","1.油漆品种：热熔型道路标线涂料\n2.工艺：喷涂\n3.线型：综合\n4.其他：满足设计及相关技术规范要求","m2",35.9,{"v":80,"d":"80.00"},{"v":2872,"d":"2872.00"}]
[10,"无障碍标志图案","1.材料品种：热熔型道路标线涂料\n2.类型 ：图案\n3.规格尺寸：详设计\n4.其他：满足设计及相关技术规范要求","个",5,320,{"v":1600,"d":"1600.00"}]
[11,"橡胶车挡540×150×100","1.名称：橡胶车挡\n2.规格型号及做法：长（500-600）、宽（120-165）、高100mm，详图集17J927-1\n3.其他：满足设计及相关技术规范要求","只",444,23,{"v":10212,"d":"10212.00"}]
[12,"橡胶防撞条600×75×75","1.名称：橡胶防撞板\n2.规格型号及做法：详图集17J927-1\n3.其他：满足设计及相关技术规范要求","只",170,15,{"v":2550,"d":"2550.00"}]
[13,"橡胶减速档350×250×50","1.材料品种：橡胶减速档 \n2.规格、型号及做法：详设计及图集17J927-1\n3.其他：满足设计及相关技术规范要求","m",17,45,{"v":765,"d":"765.00"}]
[14,"安全凸镜φ800mm（含金属支架）","1.类型：安全凸镜φ800mm \n2.材料品种：金属支架 防爆树脂镜片\n3.安装方式：墙装","个",2,120,{"v":240,"d":"240.00"}]
[15,"路口指示灯箱2600×350×100（亚克力镂空板）","1.箱体规格：2600×350×100\n2.面层材料种类：亚克力镂空指示灯箱","个",16,1600,{"v":25600,"d":"25600.00"}]
[16,"楼梯、电梯指示灯箱1200×350×100（亚克力镂空板）","1.箱体规格：1200×350×100\n2.面层材料种类：亚克力镂空指示灯箱","个",2,800,{"v":1600,"d":"1600.00"}]
[17,"停车场出入口标识牌","1.类型：停车场出入口标识牌\n2.材质、规格尺寸：铝材（厚度2mm）反光膜，6000mm×700mm\n3.板面反光膜等级：详设计","个",1,700,{"v":700,"d":"700.00"}]
["小计",{"$nulls":5},63071.56]
["1号桥"]
[18,"2cm厚环氧砂浆层","1.混凝土强度等级：详设计，满足设计及规范要求 \n2.沥青品种：环氧砂浆 \n3.沥青混凝土种类：环氧砂浆 \n4.厚度：2cm \n5.配合比：详设计，满足设计及规范要求","m2",3186.98,{"v":15,"d":"15.00"},{"v":47804.7,"d":"47804.70"}]
[19,"3-5mm水性EAU丙烯酸炫彩面层（防滑型）","1.混凝土强度等级：满足设计及规范要求 \n2.沥青品种：水性EAU丙烯酸炫彩面层（防滑型） \n3.沥青混凝土种类：防滑型 \n4.厚度：3-5mm综合考虑\n5.配合比：详设计，满足设计及规范要求","m2",3159.11,{"v":109,"d":"109.00"},344342.99]
["小计",{"$nulls":5},392147.69]
["2号桥"]
[20,"2cm厚环氧砂浆层","1.混凝土强度等级：详设计，满足设计及规范要求 \n2.沥青品种：环氧砂浆 \n3.沥青混凝土种类：环氧砂浆 \n4.厚度：2cm \n5.配合比：详设计，满足设计及规范要求","m2",{"v":636.9,"d":"636.90"},{"v":15,"d":"15.00"},{"v":9553.5,"d":"9553.50"}]
[21,"3-5mm水性EAU丙烯酸炫彩面层（防滑型）","1.混凝土强度等级：满足设计及规范要求 \n2.沥青品种：水性EAU丙烯酸炫彩面层（防滑型） \n3.沥青混凝土种类：防滑型 \n4.厚度：3-5mm综合考虑\n5.配合比：详设计，满足设计及规范要求","m2",{"v":636.9,"d":"636.90"},{"v":109,"d":"109.00"},{"v":69422.1,"d":"69422.10"}]
["小计",{"$nulls":5},{"v":78975.6,"d":"78975.60"}]
["3号桥"]
[22,"2cm厚环氧砂浆层","1.混凝土强度等级：详设计，满足设计及规范要求 \n2.沥青品种：环氧砂浆 \n3.沥青混凝土种类：环氧砂浆 \n4.厚度：2cm \n5.配合比：详设计，满足设计及规范要求","m2",{"v":1574.7,"d":"1574.70"},{"v":15,"d":"15.00"},{"v":23620.5,"d":"23620.50"}]
[23,"3-5mm水性EAU丙烯酸炫彩面层（防滑型）","1.混凝土强度等级：满足设计及规范要求 \n2.沥青品种：水性EAU丙烯酸炫彩面层（防滑型） \n3.沥青混凝土种类：防滑型 \n4.厚度：3-5mm综合考虑\n5.配合比：详设计，满足设计及规范要求","m2",{"v":1574.7,"d":"1574.70"},{"v":109,"d":"109.00"},{"v":171642.3,"d":"171642.30"}]
["小计",{"$nulls":5},{"v":195262.8,"d":"195262.80"}]
["4号桥"]
[24,"2cm厚环氧砂浆层","1.混凝土强度等级：详设计，满足设计及规范要求 \n2.沥青品种：环氧砂浆 \n3.沥青混凝土种类：环氧砂浆 \n4.厚度：2cm \n5.配合比：详设计，满足设计及规范要求","m2",{"v":200,"d":"200.00"},{"v":15,"d":"15.00"},{"v":3000,"d":"3000.00"}]
[25,"3-5mm水性EAU丙烯酸炫彩面层（防滑型）","1.混凝土强度等级：满足设计及规范要求 \n2.沥青品种：水性EAU丙烯酸炫彩面层（防滑型） \n3.沥青混凝土种类：防滑型 \n4.厚度：3-5mm综合考虑\n5.配合比：详设计，满足设计及规范要求","m2",{"v":200,"d":"200.00"},{"v":109,"d":"109.00"},{"v":21800,"d":"21800.00"}]
["小计",{"$nulls":5},{"v":24800,"d":"24800.00"}]
["不含税合计",{"$nulls":3},757203.03]
["税率"]
["含税合计"]